Elements beginning with T - Statistics

General Stats
  • This quiz has been taken 19 times
  • The average score is 7 of 11
Answer Stats
Element % Correct
Tin
93%
Thallium
80%
Titanium
80%
Tungsten
73%
Thorium
67%
Tellurium
60%
Thulium
60%
Tantalum
53%
Technetium
53%
Tennessine
53%
Terbium
47%
No matching quizzes found
Score Distribution
Percent of People with Each Score
Percentile by Number Answered
Your Score History
You have not taken this quiz